Gibbs measures and phase transitions (Record no. 124363)
[ view plain ]
| 000 -LEADER | |
|---|---|
| fixed length control field | 01644nam a2200385 a 4500 |
| 082 04 - DEWEY DECIMAL CLASSIFICATION NUMBER | |
| Classification number | 515/.42 |
| 100 1# - MAIN ENTRY--AUTHOR NAME | |
| Personal name | Georgii, Hans-Otto. |
| 245 10 - TITLE STATEMENT | |
| Title | Gibbs measures and phase transitions |
| 250 ## - EDITION STATEMENT | |
| Edition statement | 2nd ed. |
| 260 ## - PUBLICATION, DISTRIBUTION, ETC. (IMPRINT) | |
| Place of publication | Berlin ; |
| -- | New York : |
| Name of publisher | De Gruyter, |
| Year of publication | c2011. |
| 300 ## - PHYSICAL DESCRIPTION | |
| Number of Pages | xiv, 545 p. : |
| Other physical details | ill. |
| 490 1# - SERIES STATEMENT | |
| Series statement | De Gruyter studies in mathematics, |
| 505 0# - FORMATTED CONTENTS NOTE | |
| Formatted contents note | pt. 1. General theory and basic examples -- pt. 2. Markov chains and Gauss fields as Gibbs measures -- pt. 3. Shift-invariant Gibbs measures -- pt. 4. Phase transitions in reflection positive models. |
| 650 #0 - SUBJECT ADDED ENTRY--TOPICAL TERM | |
| Topical Term | Probabilities. |
| Topical Term | Phase transformations (Statistical physics) |
| Topical Term | Measure theory. |
| 856 40 - ELECTRONIC LOCATION AND ACCESS | |
| Uniform Resource Identifier | http://site.ebrary.com/lib/rucke/Doc?id=10486458 |
No items available.
